00520nam a22001697a 450000500170000001000150001702000260003203500140005803700130007208200170008524500700010226000420017227000880021430000250030270000170032776000060034420240301154014.0 aENG-139158 a9789352838257c300.00 aEN-122690 bDBAD/PUB a615.5221b1 aSubtle (Sookshma) Medicine in Ayurveda/cBy P.H KulkarnihEnglish aPuneb Deerghyayu Internationalc2020 a36, Kothrud Gaothan, Opp., Mhatoba, bodhvruksha & Navagraha Hannuman,bPunee411038 a100 Pagesc22.cm pbk aKulkarni P.H b1